Statistiques concernant Harry Potter: le Manteau en peau de Castor de Hagrid

Cliquez ici pour prendre le quiz!

Statistiques générales

  • Ce quiz a été pris 24 fois
  • Le résultat moyen est 5 sur 5

Statistiques - réponses

InformationRéponses% Correct
Propriétaire Rubeus Hagrid
100%
Matériau utiliséPeau de castor
95%
Première apparitionHarry Potter à l'école des sorciers
90%
Dernière apparitionHarry Potter et les Reliques de la Mort
90%
Utilisation Manteau
76%

Distribution des résultats

Percentile par nombre de réponses

% des personnes avec chaque résultat

Votre développement - résultats

Vous n’avez pas pris ce quiz